000 01012nac a22002411u 4500
010 _a 97050081
020 _a0876092091 (pbk.)
082 0 0 _a382.30973
_bFEK
090 _c5315
_d5315
100 _a20080729
245 0 0 _aTrade strategies for a new era :
_bensuring U.S. leadership in a global economy /
_cedited by Geza Feketekuty with Bruce Stokes.
260 _aNew York, NY :
_bCouncil on Foreign Relations ;
_a[Washington, D.C.] :
_bDistributed by Brookings Institution Press,1998
_cc1998.
300 _axii, 391 p. :
_bill. ;
_c23 cm.
500 _a"Published with the Monterey Institute of International Studies."
500 _adistributer: Al-Ahram
504 _aIncludes bibliographical references and index.
511 _acatalogued by: wessam
651 0 _aUnited States
_xCommercial policy.
700 1 _aFeketekuty, Geza.
700 1 _aStokes, Bruce.
710 2 _aMonterey Institute of International Studies.
942 _cBB
_k382.30973FEK
999 _c5315
_d5315